Arknights: Endfield characters with pictures (V1.2) - Statistics

General Stats
  • This quiz has been taken 11 times
  • The average score is 21 of 26
Answer Stats
Picture Answer % Correct
Chen Qianyu
100%
Lifeng
100%
Rossi
100%
Tangtang
100%
Akekuri
89%
Endministrator
89%
Laevatain
89%
Last Rite
89%
Perlica
89%
Pogranichnik
89%
Wulfgard
89%
Xaihi
89%
Yvonne
89%
Zhuang Fangyi
89%
Ardelia
78%
Da Pan
78%
Ember
78%
Snowshine
78%
Antal
67%
Arclight
67%
Avywenna
67%
Catcher
67%
Gilberta
67%
Alesh
56%
Estella
56%
Fluorite
56%
No matching quizzes found
Score Distribution
Percent of People with Each Score
Percentile by Number Answered
Your Score History
You have not taken this quiz